La Caída de las torres /
Gespeichert in:
| 1. Verfasser: | |
|---|---|
| Format: | Text |
| Schlagworte: | |
| Tags: |
Tag hinzufügen
Keine Tags, Fügen Sie den ersten Tag hinzu!
|
MARC
| LEADER | 00000 a a2200000 04500 | ||
|---|---|---|---|
| 001 | 11957 | ||
| 003 | |||
| 040 | |||
| 100 | |a Hinkelammert, Franz J. | ||
| 245 | |a La Caída de las torres / |c Franz J. Hinkelammert | ||
| 650 | |a TERRORISMO | ||
| 650 | |a GUERRA | ||
| 650 | |a DISCRIMINACION ECONOMICA | ||
| 650 | |a CULTURA | ||
| 650 | |a GLOBALIZACION | ||
| 773 | |g número 98; páginas 41-55 | ||
| 999 | |c 21976 |d 21976 | ||
| 773 | 0 | |0 41641 |9 2519 |a Departamento Ecuménico de Investigaciones (DEI) |d San José, Costa Rica Departamento Ecuménico de Investigaciones (DEI) |o 20175 |t Pasos / | |
